Longman dictionary of contemporary english
Gardado en:
| Formato: | Libro |
|---|---|
| Idioma: | Undetermined |
| Publicado: |
England
Longman
2000
|
| Những chủ đề: | |
| Các nhãn: |
Engadir etiqueta
Sen Etiquetas, Sexa o primeiro en etiquetar este rexistro!
|
| Thư viện lưu trữ: | Trung tâm Học liệu Trường Đại học Cần Thơ |
|---|
| LEADER | 00440nam a2200169Ia 4500 | ||
|---|---|---|---|
| 001 | CTU_118014 | ||
| 008 | 210402s9999 xx 000 0 und d | ||
| 082 | |a 423 | ||
| 082 | |b L856 | ||
| 245 | 0 | |a Longman dictionary of contemporary english | |
| 260 | |a England | ||
| 260 | |b Longman | ||
| 260 | |c 2000 | ||
| 650 | |a English language | ||
| 650 | |x Dictionaries | ||
| 904 | |i M.Loan | ||
| 980 | |a Trung tâm Học liệu Trường Đại học Cần Thơ | ||